| 000 | 00677nam a2200229Ia 4500 | ||
|---|---|---|---|
| 003 | OSt | ||
| 005 | 20220925204005.0 | ||
| 006 | a|||||r|||| 00| 0 | ||
| 007 | ta | ||
| 008 | 220923b |||||||| |||| 00| 0 eng d | ||
| 037 | _cGeneral Book | ||
| 040 |
_aRTL _cRTL _beng |
||
| 041 |
_2eng _aeng |
||
| 082 | _aY9(W:5), M1/SC | ||
| 100 |
_aKOTUKAPALY J _9267509 |
||
| 245 | 0 |
_aBlueprint for a post-industrial civilization _b A realistic approach to Utopia. |
|
| 260 |
_aFrance _bJoseph A Kotukapoly _c1981 |
||
| 300 |
_a204p. _ccm. |
||
| 500 | _aBibliography :P.204 | ||
| 942 |
_hY9(W:5), M1/SC _cGB _2CC |
||
| 999 |
_c548288 _d548288 |
||